| 000 | 00883nam a22002297a 4500 | ||
|---|---|---|---|
| 005 | 20240530110900.0 | ||
| 008 | 220203s2009 ua g b 000 0 ara d | ||
| 017 |
_a2008/19271 _bمصر. دار الكتب |
||
| 040 |
_aEG-CaGPL _cEG-CaGPL |
||
| 082 | 0 | 4 |
_221 _a303.482/ _bم ث |
| 100 | 0 | _aمحمد الجوهرى حمد الجوهرى | |
| 245 | 1 | 2 |
_aالثقافات والحضارات : _bاختلاف النشأة والمفهوم / _cمحمد الجوهرى حمد الجوهرى |
| 250 | _aط.1 | ||
| 260 |
_aالقاهرة : _bالدار المصرية اللبنانية، _c2008. |
||
| 300 |
_a288 ص. ؛ _c24 سم. |
||
| 504 | _aيشتمل على ارجاعات ببليوجرافية | ||
| 650 | 0 | 7 |
_2qrmak _aالحضارة |
| 650 | 0 | 7 |
_2qrmak _aالاحوال الثقافية |
| 651 | _2qrmak | ||
| 942 |
_2ddc _cBK |
||
| 999 |
_c66111 _d66111 |
||